Nadácie a ich postavenie v SR

Základné typy nadácií. Nadácia - účelové združenie majetku, ktorý slúži na podporu verejnoprospešného účelu. Majetok nadácie. Obsah nadačnej listiny. Nadačný fond. Register nadácií. Orgány nadácie. Zrušenie a zánik nadácie. Postup pre registráciu nadácie za účelom poberania 2 percent z odvedenej dan...

Ausführliche Beschreibung

Gespeichert in:
Bibliographische Detailangaben
1. Verfasser: Kašiar, Ján
Format: Buchkapitel
Sprache:Slowakisch
Schlagworte:
Tags: Tag hinzufügen
Keine Tags, Fügen Sie das erste Tag hinzu!

MARC

LEADER 00000naa a2200000 4500
001 0241822
005 20180409101414.5
041 0 |a slo 
044 |a SK 
245 1 0 |a Nadácie a ich postavenie v SR  |c Ján Kašiar 
520 |a Základné typy nadácií. Nadácia - účelové združenie majetku, ktorý slúži na podporu verejnoprospešného účelu. Majetok nadácie. Obsah nadačnej listiny. Nadačný fond. Register nadácií. Orgány nadácie. Zrušenie a zánik nadácie. Postup pre registráciu nadácie za účelom poberania 2 percent z odvedenej dane. 
610 2 0 |a nadácie 
610 2 0 |a registrácia 
610 2 0 |a legislatíva 
610 2 0 |a majetok 
610 2 0 |a financie 
100 1 |a Kašiar, Ján